| 000 | 01300cam a22003497a 4500 | ||
|---|---|---|---|
| 003 | CHAP | ||
| 005 | 20220329142556.0 | ||
| 008 | 010920d2001 mx r 00110 spa d | ||
| 010 | _a85154 | ||
| 011 | _a86126 | ||
| 035 | _a96664 | ||
| 040 | _cCHAP | ||
| 090 | _aTesis | ||
| 100 | 0 | 0 |
_aDelgado Barreto, Erika _931593 |
| 245 | 1 | 0 |
_aEfecto de la aplicación de reguladores de crecimiento para estimular el desarrollo de bayas en uva de mesa "princess" _c/por Erika Delgado Barreto y Carlos Javier López Guillén |
| 260 |
_aChapingo, Méx. : _bEl autor, _c2001. |
||
| 300 |
_a78 h. : _bilus. ; gráfs. |
||
| 502 | _aTesis (Ing. Agr. Esp. en Fitotecnia) -- UACH. Departamento de Fitotecnia | ||
| 590 |
_aALEPH _b10 _c20130110 _lUCH01 _h1445 |
||
| 590 |
_aBATCH-UPD _b10 _c20130110 _lUCH01 _h1641 |
||
| 590 |
_aBATCH-UPD _b10 _c20130410 _lUCH01 _h1032 |
||
| 590 |
_aBATCH-UPD _b10 _c20130914 _lUCH01 _h1139 |
||
| 590 |
_aCONVERSION _b10 _c20130109 _lUCH01 _h1347 |
||
| 650 | 1 | 4 |
_aPlantas _xCrecimiento _xAditivos. _988804 |
| 650 | 1 | 4 |
_aUva. _9117117 |
| 700 | 0 | 0 |
_aLópez Guillén, Carlos Javier. _967949 |
| 901 | _aBK | ||
| 905 | _aAlejandra Carrasco M. | ||
| 942 | _cFOLL | ||
| 949 |
_aTesis _bBC _cTES _d33724000859831 _eTS2 _fc.2 _h38887 _i96664 _si |
||
| 949 |
_aTesis _bBC _cTES _d966641 _eTS1 _h38886 _i96664 _sb |
||
| 999 |
_c85154 _d85154 |
||